La tierra caliente (Record no. 152074)

MARC details
000 -LEADER
campo de control de longitud fija 00808nam a2200217 i 4500
001 - NÚMERO DE CONTROL
campo de control 152074
003 - IDENTIFICADOR DE NÚMERO DE CONTROL
campo de control ES-MaACL
005 - FECHA Y HORA DE LA ÚLTIMA TRANSACCIÓN
campo de control 20250817030022.0
008 - DATOS DE LONGITUD FIJA--INFORMACIÓN GENERAL
campo de control de longitud fija 931025q18501874sp |||| | spa d
080 ## - NÚMERO DE LA CLASIFICACIÓN DECIMAL UNIVERSAL
Número de la Clasificación Decimal Universal 39(72)
100 0# - ENTRADA PRINCIPAL--NOMBRE DE PERSONA
Nombre de persona Biart, Lucien.
9 (RLIN) 28758
245 13 - MENCIÓN DEL TÍTULO
Título La tierra caliente
Resto del título : escenas de costumbres mejicanas /
Mención de responsabilidad, etc. por Luciano Biart.
260 ## - PUBLICACIÓN, DISTRIBUCIÓN, ETC.
Lugar de publicación, distribución, etc. Madrid :
Nombre del editor, distribuidor, etc. [s.n.,
Fecha de publicación, distribución, etc. s.a.] (
Fabricante Imprenta de Medina y Navarro)
300 ## - DESCRIPCIÓN FÍSICA
Extensión 269 p. ;
Dimensiones 17 cm.
490 1# - MENCIÓN DE SERIE
Mención de serie Biblioteca de instrucción y recreo
596 ## - NOTA AL PIE DE IMPRENTA
NOTA AL PIE DE IMPRENTA Medina Navarro ejerce como impresor para la Biblioteca de instrucción y recreo ca. de 1850-1874.
650 #4 - PUNTO DE ACCESO ADICIONAL DE MATERIA--TÉRMINO DE MATERIA
Término de materia o nombre geográfico como elemento de entrada México-
Subdivisión general Usos y costumbres.
9 (RLIN) 187694
830 00 - PUNTO DE ACCESO ADICIONAL DE SERIE-TÍTULO UNIFORME
Título uniforme Biblioteca de instrucción y recreo
9 (RLIN) 182429
852 ## - LOCALIZACIÓN
Ubicación ES-MaACL
Número de control de estantería D-1860
Nota libre -- Rúst.
Holdings
Estatus retirado Estado de pérdida Estado de daño No para préstamo Biblioteca de origen Biblioteca actual Ubicación en estantería Fecha de adquisición Fuente de adquisición Total de préstamos Signatura topográfica completa Código de barras Visto por última vez Precio de reemplazo Tipo de ítem Koha
        Biblioteca del Ateneo de Madrid Biblioteca del Ateneo de Madrid Sala Valle Inclán 17/01/2008     D-1860 901158741 23/02/2023 23/02/2023 Libro impreso